000 00158 a2200073 4500
020 _a93034240064
082 _2821.1 CHA
_a821.1
_b1
245 _aTROILUS AND CRISEYDE
999 _c784875
_d784874
942 _w438
_xLucy Nkosi
_y438
_zLucy Nkosi